Health and safety restriction (Record no. 75795)
[ view plain ]
| 000 -LEADER | |
|---|---|
| fixed length control field | 01531cab a2200205 4500 |
| 001 - CONTROL NUMBER | |
| control field | L130799 |
| 008 - FIXED-LENGTH DATA ELEMENTS--GENERAL INFORMATION | |
| fixed length control field | 050831n2005 000 0 eng u |
| 035 ## - SYSTEM CONTROL NUMBER | |
| System control number | (Sirsi) u130799 |
| 041 0# - LANGUAGE CODE | |
| Language code of text/sound track or separate title | eng |
| 100 ## - MAIN ENTRY--PERSONAL NAME | |
| Personal name | Morgan, Carolyn |
| 245 ## - TITLE STATEMENT | |
| Title | Health and safety restriction |
| 260 ## - PUBLICATION, DISTRIBUTION, ETC. | |
| Date of publication, distribution, etc. | 2005 |
| 490 ## - SERIES STATEMENT | |
| Series statement | Estates Gazette |
| Volume/sequential designation | (0534) 27 August 2005, 106(1) |
| 520 ## - SUMMARY, ETC. | |
| Summary, etc. | Considers the application of the duties imposed by the Workplace (Health, Safety and Welfare) Regulations 1992 in the light of a recent Edinburgh appeal hearing "Donaldson v Hays Distribution Services and others" ([2005] CSIH 48). Claimant (D) seeking to collect her purchases from a store's collection strayed into an adjoining store's loading bay and was crushed against a wall by a reversing lorry. "Held": appeal dismissed. The judges decided that the duties imposed by the Regulations did not afford protection in the workplace to those present as visitors but not as workers. Visitors and uninvited persons continue to enjoy protection under the occupiers' liability legislation although. D would not have necessarily been successful in any claim under that legislation. D is now claiming against the employers of the lorry driver and the health and safety risk assessor. The case has potential ramifications for the jurisdiction in England and Wales. |
| 590 ## - LOCAL NOTE (RLIN) | |
| Local note | IKA130905 |
| 650 ## - SUBJECT ADDED ENTRY--TOPICAL TERM | |
| Topical term or geographic name entry element | DONALDSON V HAYS DISTRIBUTION SERVICES LTD |
| 650 ## - SUBJECT ADDED ENTRY--TOPICAL TERM | |
| Topical term or geographic name entry element | WORKPLACE (HEALTH, SAFETY AND WELFARE) REGULATIONS 1992 |
| 690 ## - LOCAL SUBJECT ADDED ENTRY--TOPICAL TERM (OCLC, RLIN) | |
| Topical term or geographic name as entry element | Health and safety |
| 9 (RLIN) | 6244 |
| 942 ## - ADDED ENTRY ELEMENTS (KOHA) | |
| Suppress in OPAC | 0 |
| Withdrawn status | Lost status | Source of classification or shelving scheme | Damaged status | Not for loan | Home library | Current library | Shelving location | Date acquired | Total Checkouts | Full call number | Barcode | Date last seen | Copy number | Price effective from | Koha item type |
|---|---|---|---|---|---|---|---|---|---|---|---|---|---|---|---|
| Dewey Decimal Classification | London | London | Journal article | 31/08/2005 | L130799 | 130799-1001 | 06/08/2019 | 1 | 06/08/2019 | Journal article |